[Event "Dhaka Walton op"]
[Site "Dhaka"]
[Date "2021.06.18"]
[Round "4"]
[White "Ahmed, Mahtabuddin"]
[Black "Bappi, Ab"]
[Result "1-0"]
[WhiteElo "2035"]
[BlackElo "1871"]
[PlyCount "137"]
[EventDate "2021.06.15"]
[EventType "swiss"]
[EventRounds "9"]
[EventCountry "BAN"]
[SourceTitle "EXT 2022"]
[Source "ChessBase"]
[SourceDate "2021.10.06"]
[SourceVersion "1"]
[SourceVersionDate "2021.10.06"]
[SourceQuality "1"]

1. c4 Nf6 2. Nc3 e5 3. Nf3 Nc6 4. d4 exd4 5. Nxd4 Bc5 6. e3 a6 7. Be2 0-0 8. 0-0 Re8 9. b3 Nxd4 10. exd4 Bb4 11. Bb2 c6 12. d5 Bxc3 13. Bxc3 cxd5 14. cxd5 d6 15. Bf3 Bf5 16. Re1 Rc8 17. Qd4 Qc7 18. Rec1 Qd7 19. Qf4 Ne4 20. Bb2 Nc5 21. Qg5 Bg6 22. Bg4 f5 23. Bf3 Nd3 24. Rxc8 Qxc8 25. Qd2 Nxb2 26. Qxb2 Re5 27. Rc1 Qe8 28. Qc3 h6 29. h3 Bf7 30. Qa5 Kh7 31. Kh2 Qg8 32. Qb6 Qb8 33. Rc7 Qf8 34. Qxb7 Bg8 35. Rc8 Qf6 36. Qa8 Bf7 37. Rh8+ Kg6 38. g3 f4 39. g4 Qe7 40. Qd8 Kf6 41. Qxe7+ Kxe7 42. Ra8 Bxd5 43. Bxd5 Rxd5 44. Rxa6 Rd2 45. Kg2 d5 46. Kf3 d4 47. h4 d3 48. h5 Re2 49. Ra4 Re6 50. Rd4 Rd6 51. Re4+ Kf6 52. Re1 d2 53. Rd1 Kg5 54. b4 Rd4 55. b5 Rd3+ 56. Ke4 Rd6 57. f3 Re6+ 58. Kd5 Re8 59. b6 Kh4 60. b7 Kg3 61. Kc6 Kxf3 62. Rxd2 Ke3 63. Rb2 f3 64. b8Q Rxb8 65. Rxb8 f2 66. Rf8 Ke2 67. a4 f1Q 68. Rxf1 Kxf1 69. Kd5 1-0